Quality planning & analysis for entrerprise quality (Record no. 5533)
[ view plain ]
| 000 -LEADER | |
|---|---|
| fixed length control field | 00678nam a2200193Ia 4500 |
| 003 - CONTROL NUMBER IDENTIFIER | |
| control field | SGT |
| 020 ## - INTERNATIONAL STANDARD BOOK NUMBER | |
| International Standard Book Number | 9780070618480 |
| 082 ## - DEWEY DECIMAL CLASSIFICATION NUMBER | |
| Classification number | 658.562 |
| Item number | GRY |
| 100 ## - MAIN ENTRY--PERSONAL NAME | |
| Personal name | Gryna,Frank M |
| 245 ## - TITLE STATEMENT | |
| Title | Quality planning & analysis for entrerprise quality |
| 250 ## - EDITION STATEMENT | |
| Edition statement | 5th Ed. |
| 260 ## - PUBLICATION, DISTRIBUTION, ETC. (IMPRINT) | |
| Name of publisher, distributor, etc | Tata McGraw Hill Education Private Limited |
| Place of publication, distribution, etc | New Delhi |
| Year of Publication | 2011 |
| 300 ## - PAGE DESCRIPTION | |
| No. of Pages | 774p. |
| 650 ## - SUBJECT ADDED ENTRY--TOPICAL TERM | |
| Topical term or geographic name as entry element | MANAGEMENT |
| 653 ## - KEYWORDS--INDEX TERM | |
| Keyword term | COMPANY WIDE ASSESSMENT O QUALITY,BASIC CONCEPTS,QUALITY IMPROVEMENT AND COST REDUCTION,OPERATIONAL QUALITY PLANNING AND SALES INCOME,QUALITY CONTROL,MANAGEMENT CONCEPTS,PROCESS MANAGEMENT CONCEPTS |
| 700 ## - ADDED ENTRY--PERSONAL NAME | |
| Personal name | Chu,Richard C.H |
| 700 ## - ADDED ENTRY--PERSONAL NAME | |
| Personal name | Defeo,Joseph A |
| 942 ## - ADDED ENTRY ELEMENTS (KOHA) | |
| Source of classification or shelving scheme | Dewey Decimal Classification |
| Koha item type | Books |
| Withdrawn status | Lost status | Source of classification or shelving scheme | Damaged status | Use restrictions | Not for loan | Collection code | Home library | Current library | Shelving location | Date acquired | SGTU | Full call number | Accession No. (Barcode) | Date last seen | Bill Date | Koha item type | Total Checkouts |
|---|---|---|---|---|---|---|---|---|---|---|---|---|---|---|---|---|---|
| Dewey Decimal Classification | Restricted Access | Not For Loan | ENGINEERING | SGT Engineering Library | SGT Engineering Library | Reference Book | 30/05/2013 | SGTU | 658.562 GRY | FE5768 | 09/02/2015 | 09/02/2015 | Books | ||||
| Dewey Decimal Classification | SGT Engineering Library | SGT Engineering Library | 30/05/2013 | SGTU | 658.562 GRY | FE5769 | 09/02/2015 | 09/02/2015 | Books | ||||||||
| Dewey Decimal Classification | SGT Engineering Library | SGT Engineering Library | 30/05/2013 | SGTU | 658.562 GRY | FE5770 | 09/02/2015 | 09/02/2015 | Books |